Художники А-Я - Statistics

General Stats
  • This quiz has been taken 27 times
  • The average score is 11 of 22
Answer Stats
Буква Подсказка Художник % Correct
Д Сюрреалист с причудливыми усами Сальвадор Дали
91%
Л Автор картины "Мона Лиза", по совместительству изобретатель Леонардо да Винчи
91%
А Художник-маринист, изображавший "Девятый вал" Иван Айвазовский
87%
В Автор "Звёздной ночи" с отрезанным ухом Винсент ван Гог
87%
М Соперник Л, расписавший Сикстинскую капеллу Микеланджело
87%
Ш "Автор" обертки конфет с мишками Иван Шишкин
87%
С Писал исторические полотна, например "Боярыню Морозову" Василий Суриков
83%
Г Французский импрессионист, отбывший за вдохновением на Таити Поль Гоген
70%
И "Явление Христа народу" Александр Иванов
70%
П Испанец, написавший "Гернику" Пабло Пикассо
65%
Р Художник с Рейна, изобразивший "Блудного сына" Рембрандт
61%
К Хромая художница, рисовавшая автопортреты Фрида Кало
57%
Т Итальянец, написавший "Венеру Урбинскую" Тициан Вечеллио
52%
У Поп-арт художник с банками супа Campbell и Мэрилин Монро Энди Уорхол
48%
Ф Самая известная работа — "Сватовство Майора" Павел Федотов
43%
Б "Мужицкий" художник из Фландрии Питер Брейгель-старший
26%
Х Японский график, "Большая волна в Канагаве" Кацусика Хокусай
22%
Ж Романист с "Плотом Медузы" Теодор Жерико
9%
Э Прибыв в Испанию, Доменикос Теотокопулос получил более краткое прозвище Эль Греко
9%
О Американка, писавшая цветы крупным планом Джорджия О'Киф
4%
Н Художник-аствралийский абориген, которого не пускали на собственные выставки Альберт Наматжира
0%
Я Передвижник, "Всюду жизнь" Николай Ярошенко
0%
No matching quizzes found
Score Distribution
Percent of People with Each Score
Percentile by Number Answered
Your Score History
You have not taken this quiz